Útoky na detekcie plagiátorstva
Salvato in:
| Autore principale: | |
|---|---|
| Altri autori: | |
| Natura: | Manoscritto Libro |
| Lingua: | slovacco |
| Pubblicazione: |
2016
|
| Soggetti: | |
| Accesso online: | http://is.stuba.sk/zp/portal_zp.pl?podrobnosti=107636 |
| Tags: |
Nessun Tag, puoi essere il primo ad aggiungerne!!
|
MARC
| LEADER | 00000ntm a22000003a 4500 | ||
|---|---|---|---|
| 001 | stuzp59125 | ||
| 003 | SK-STU | ||
| 005 | 20160719155754.5 | ||
| 007 | ta | ||
| 008 | 150427s2015----xo-----f-mn---000-0-slo-d | ||
| 040 | |a STU |b slo | ||
| 041 | 0 | |a slo | |
| 100 | 1 | |a Gulis, Ivan |u 070200 |4 aut |U FIIT Fakulta informatiky a informačných technológií |T FIIT Ústav informatiky, informačných systémov a softvérového inžinierstva |X 73178 |U I200 |Y 179 |7 73178 | |
| 242 | 0 | 1 | |a Attacks on plagiarism detection |y eng |
| 245 | 1 | 0 | |a Útoky na detekcie plagiátorstva |
| 260 | |c 2016 | ||
| 650 | 4 | |a plagiátorstvo |2 slo | |
| 650 | 4 | |a plades |2 slo | |
| 650 | 4 | |a podobnosť |2 slo | |
| 650 | 4 | |a plagiarism |2 eng | |
| 650 | 4 | |a plades |2 eng | |
| 650 | 4 | |a similarity |2 eng | |
| 700 | 1 | |a Chudá, Daniela |u 070200 |k Z1 |4 ths |U FIIT Fakulta informatiky a informačných technológií |T FIIT Ústav informatiky, informačných systémov a softvérového inžinierstva |X 38061 |U I200 |Y 179 |7 000038061 | |
| 856 | 4 | |u http://is.stuba.sk/zp/portal_zp.pl?podrobnosti=107636 | |
| 996 | |b 8115 |c I* BAP 96/2016 |l II680 |s P |a 0 |w stuzp59125_0001 | ||
| SQL | |a stuzp59125 |b DBP |c SLO |d Útoky na detekcie plagiátorstva |e 73178 |f Gulis, Ivan |g 070200 |h 38061 |i Chudá, Daniela |j 20160620 |k 202 |l 07 |m http://is.stuba.sk/zp/portal_zp.pl?podrobnosti=107636 |n B-INFO |o 9.2.1. informatika | ||